Les clubs de Ligue 1 pour la saison 2024-2025 - Statistiques

Statistiques générales
  • Ce quiz a été pris 82 fois
  • Le résultat moyen est 16 sur 18
Statistiques - réponses
Clubs % Correct
Marseille
100%
Paris
99%
Lyon
97%
Lille
96%
Nice
95%
Nantes
93%
Rennes
93%
Saint-Étienne
92%
Toulouse
92%
Brest
91%
Monaco
91%
Lens
89%
Montpellier
88%
Strasbourg
88%
Angers
80%
Le Havre
79%
Reims
76%
Auxerre
72%
Aucun quiz correspondant
Distribution des résultats
% des personnes avec chaque résultat
Percentile par nombre de réponses
Votre historique - résultats
Vous n’avez pas pris ce quiz